logo

Bir Sreshtho Munshi Abdur Rouf Library
Jhenaidah Cadet College

Friends not masters : (Record no. 10603)

MARC details
000 -LEADER
fixed length control field 00795nam a2200253 a 4500
001 - CONTROL NUMBER
JCCL Control Number 10603
003 - CONTROL NUMBER IDENTIFIER
JCCL marc code BD-JhCC
005 - DATE AND TIME OF LATEST TRANSACTION
control field 20200205134007.0
008 - FIXED-LENGTH DATA ELEMENTS--GENERAL INFORMATION
fixed length control field 180728s20081967xxua|||| |||| 001 0 eng d
020 ## - INTERNATIONAL STANDARD BOOK NUMBER
International Standard Book Number 9847022000172
035 ## - SYSTEM CONTROL NUMBER
system control number (BD-JhCC)10603
040 ## - CATALOGING SOURCE
Original cataloging agency BD-JhCC
Modifying agency BD-JhCC
041 ## - LANGUAGE CODE
Language code of Book eng
082 ## - DEWEY DECIMAL CLASSIFICATION NUMBER
Classification number 954.9040924
Author mark and Year KHA 2008
100 ## - MAIN ENTRY--PERSONAL NAME
Personal name Khan, Mohammad Ayub
Titles and other words associated with a name 1907-1974
245 ## - TITLE STATEMENT
Title Friends not masters :
Remainder of title a political autobiography /
Statement of responsibility, etc Mohammad Ayub Khan,
260 ## - PUBLICATION, DISTRIBUTION, ETC. (IMPRINT)
Place of publication, distribution, etc Dhaka :
Name of publisher, distributor, etc The University Press Limited,
Date of publication, distribution, etc 2008
300 ## - PHYSICAL DESCRIPTION
Pagination 275 p. :
Other physical details ill. ;
Dimensions 22 cm.
490 ## - SERIES STATEMENT
Series statement Road to Bangladesh Series
504 ## - BIBLIOGRAPHY, ETC. NOTE
Bibliography, etc Includes Index and Bibliography
600 ## - SUBJECT ADDED ENTRY--PERSONAL NAME
Personal name Ayub Khan, Mohammad,
Titles and other words associated with a name Presidents
Dates associated with a name 1907-1974
650 ## - SUBJECT ADDED ENTRY--TOPICAL TERM
Topical term or geographic name as entry element Politics and government
Geographic subdivision Pakistan
942 ## - ADDED ENTRY ELEMENTS (KOHA)
Source of classification or shelving scheme Dewey Decimal Classification
Koha item type Books
Koha issues (borrowed), all copies 3
Holdings
Source of classification or shelving scheme Damaged status Not for loan Home library Current library Shelving location Date of accession Cost, normal purchase price Total Checkouts Full call number Barcode Date last seen Date checked out Copy number Koha item type
Dewey Decimal Classification     JCC Rouf Library JCC Rouf Library General Stacks 07/18/2018 550.00 2 954.9040924 KHA 2008 14171 02/04/2020 02/04/2020 C-1 Books

JCC Library | Contacts | JCC Home

Last Update on 23 September 2017
Copyright @ 2017-2020 JCC Rouf Library
Rouf Library, Jhenidah Cadet College (JCC), Bangladesh